[Event "Bundesliga- Baden-Baden"]
[Site "Baden-Baden/Germany"]
[Date "2009.03.29"]
[Round "15.5"]
[White "Harikrishna"]
[Black "Handke"]
[Result "1-0"]
[WhiteElo "2659"]
[BlackElo "2498"]
[PlyCount "115"]
[EventDate "2009.??.??"]
[WhiteTeam "BAD"]
[BlackTeam "WAT"]

1. d4 d5 2. c4 c6 3. Nf3 Nf6 4. Nc3 dxc4 5. a4 Bf5 6. Ne5 Nbd7 7. Nxc4 Nb6 8.
Ne5 a5 9. e3 h6 10. Bd3 Bxd3 11. Nxd3 e6 12. Qb3 Be7 13. O-O O-O 14. Rd1 Nbd5
15. Bd2 Qb6 16. Qxb6 Nxb6 17. b3 Nbd5 18. Ne2 Ne4 19. Be1 f5 20. Nef4 Nxf4 21.
Nxf4 Kf7 22. Nd3 Rfd8 23. Kf1 Nf6 24. Rac1 Nd7 25. Ke2 Ke8 26. h3 Rdc8 27. Rc2
Bd6 28. f3 c5 29. Rdc1 b6 30. e4 fxe4 31. fxe4 Be7 32. Nf4 Kf7 33. d5 exd5 34.
Nxd5 Rc6 35. Bc3 Re8 36. Rd1 Bg5 37. Kf3 Kg8 38. g3 Nf8 39. h4 Bd8 40. Rcd2 Ne6
41. Nf4 Rf8 42. Ke3 Bc7 43. Rd7 Nd4 44. Bxd4 cxd4+ 45. R1xd4 Be5 46. R4d5 Bb2
47. h5 Bc1+ 48. Kf3 g5 49. hxg6 Rxg6 50. Rf5 Rc6 51. Nd5 Ba3 52. Rb7 Bc5 53. g4
Re6 54. Rc7 Ba3 55. e5 Rd8 56. Nf6+ Kf8 57. Nh5+ Kg8 58. Rff7 1-0

[Event "Bundesliga- Baden-Baden"]
[Site "Baden-Baden/Germany"]
[Date "2009.03.29"]
[Round "15.1"]
[White "Anand"]
[Black "Macieja"]
[Result "1-0"]
[WhiteElo "2783"]
[BlackElo "2600"]
[PlyCount "147"]
[EventDate "2009.??.??"]
[WhiteTeam "BAD"]
[BlackTeam "WAT"]

1. d4 Nf6 2. c4 e6 3. Nf3 Bb4+ 4. Bd2 Qe7 5. g3 Nc6 6. Nc3 Bxc3 7. Bxc3 Ne4 8.
Qc2 Nxc3 9. Qxc3 Qb4 10. Qxb4 Nxb4 11. Kd2 b6 12. a3 Nc6 13. e4 d6 14. d5 Na5
15. Nd4 e5 16. Nb5 Kd8 17. Kc2 Nb7 18. b4 Bd7 19. Nc3 Ke7 20. h4 f6 21. Bh3
Bxh3 22. Rxh3 Nd8 23. Rhh1 Nf7 24. Nd1 a5 25. Ne3 Kd7 26. Kd3 Ra7 27. c5 bxc5
28. bxc5 dxc5 29. Rab1 Nd6 30. Rhc1 Rb7 31. Rxb7 Nxb7 32. Nc4 Ra8 33. f4 exf4
34. gxf4 Nd6 35. e5 Nxc4 36. Kxc4 fxe5 37. fxe5 Re8 38. Re1 Rb8 39. Rf1 Ke7 40.
e6 Kd6 41. Rf7 Rd8 42. e7 Re8 43. Rxg7 c6 44. dxc6 Kxc6 45. Rxh7 Rg8 46. Rg7
Rh8 47. Rg4 Kd7 48. Re4 Ke8 49. a4 Rh5 50. Kb5 c4+ 51. Kxc4 Rf5 52. Kd3 Rf3+
53. Kd2 Rf2+ 54. Ke3 Rf1 55. Kd3 Rf3+ 56. Kd4 Rf5 57. Kc4 Rh5 58. Kd3 Rc5 59.
Ke3 Rf5 60. Ke2 Rc5 61. Kf3 Rc1 62. h5 Rh1 63. Kg4 Rg1+ 64. Kf5 Rh1 65. Kg6
Rg1+ 66. Kh7 Rg2 67. h6 Rg5 68. Kh8 Rg6 69. h7 Rg5 70. Re6 Rg1 71. Re5 Rg4 72.
Rxa5 Kxe7 73. Ra8 Kf7 74. a5 1-0